Bulletin.

Bibliographic Details
Corporate Author: Maryland Agricultural Experiment Station
Format: Journal
Language:English
Published: College Park. [publisher not identified] ;
Subjects:
Online Availability: Check for online availability

MARC

Tag First Indicator Second Indicator Subfields
LEADER 00000cas a2200000 4500
001 in00000242531
005 20151010050504.0
008 750702c18889999mduuu1p s0uuua0eng d
012 |e n 
022 |a 0096-8242 
035 |a (OCoLC)01426340 
035 |9 ABA9978AM 
040 |a NSD  |c NSD  |d DLC  |d TXA  |d UtOrBLW 
042 |a nsdp 
049 |a TXAE 
050 0 0 |a S71  |b .E22 
110 2 |a Maryland Agricultural Experiment Station. 
222 0 |a Bulletin - University of Maryland, Agricultural Experiment Station 
245 1 0 |a Bulletin. 
264 1 |a College Park.  |b [publisher not identified] ; 
300 |a  numbers :  |b illustrations 
336 |a text  |b txt  |2 rdacontent 
337 |a unmediated  |b n  |2 rdamedia 
338 |a volume  |b nc  |2 rdacarrier 
362 0 |a no. 1- June 1888- 
515 |a No. 57-62 are published also in the station's reports for 1898/99. 
650 0 |a Agriculture  |z Maryland. 
999 |a MARS 
999 f f |s d3ffd518-7a24-3cc2-a6b8-6a344cefc4c8  |i 9ed9deac-2101-34c4-94c0-575ca297f6ac  |t 0